| 000 | 01556cam a2200337Ka 4500 | ||
|---|---|---|---|
| 001 | betterhealthcook00knig | ||
| 003 | CaSfIA | ||
| 005 | 20210117193153.0 | ||
| 007 | cr|||| | ||
| 008 | 060711s1995 ksua 001 0 eng d | ||
| 040 |
_aHAC _cHAC _dOCLCG _dCaSfIA |
||
| 020 | _a0964842114 | ||
| 020 | _a9780964842113 | ||
| 035 | _a(OCoLC)70277818 | ||
| 092 |
_a641.5 _bK69 |
||
| 100 | 1 |
_aKnight, Charles, _d1947- |
|
| 245 | 1 | 0 |
_aBetter health cookbook / _h[electronic resource] _cCharles Knight. |
| 260 |
_aShawnee, KS : _bVita Craft, _c1995. |
||
| 300 |
_a208 p. : _bcol. ill. ; _c26 cm. |
||
| 500 | _aTitle from cover. | ||
| 500 | _a"Delicious recipes, low in fat, high in nutrients. Waterless & greaseless method of cooking."--P. 1 of cover. | ||
| 500 | _aIncludes index. | ||
| 520 | _aRecipes intended to be used with Health Craft cookware. | ||
| 650 | 0 | _aCookery. | |
| 856 | 4 | 1 |
_uhttp://www.archive.org/details/betterhealthcook00knig _zFree eBook from the Internet Archive |
| 856 | 4 | 2 |
_uhttp://www.openlibrary.org/books/OL24201521M _zAdditional information and access via Open Library |
| 999 |
_c473470 _d473470 |
||
| 942 | _cEB | ||
| 506 | _fНеобхідна авторизація на https://archive.org/ (створення облікового запису безкоштовно) | ||
| 506 | _fНеобхідна авторизація на https://openlibrary.org/ (створення облікового запису безкоштовно) | ||